[Event "III Weekend Accademia"]
[Site "Roma ITA"]
[Date "1998.??.??"]
[Round "3"]
[White "Spaziani, Gianni"]
[Black "Scacco, Mauro"]
[Result "0-1"]
[WhiteElo "1689"]
[BlackElo "2050"]
[PlyCount "104"]
[EventDate "1998.??.??"]

1. d4 Nf6 2. c4 d6 3. Nc3 e5 4. dxe5 dxe5 5. Qxd8+ Kxd8 6. Bg5 c6 7. Ne4 Bb4+
8. Nc3 Nbd7 9. Rd1 Kc7 10. Bd2 Nb6 11. e3 Bg4 12. f3 Be6 13. Nb5+ cxb5 14. Bxb4
Rhd8 15. Rc1 bxc4 16. Ba5 Rac8 17. b3 Kb8 18. bxc4 Rd7 19. Bc3 Rc5 20. Bb4 Rxc4
21. Bxc4 Nxc4 22. Kf2 a5 23. Bc3 Nd5 24. Ne2 b5 25. Rhd1 f6 26. e4 Ndb6 27.
Rxd7 Nxd7 28. Rc2 b4 29. Be1 Kb7 30. Nc1 Ka6 31. Nd3 Kb5 32. g3 Na3 33. Rb2 Nb6
34. Nc1 Nbc4 35. Re2 Nb1 36. Rc2 Nba3 37. Re2 Nb6 38. Rd2 Nac4 39. Rd8 Nb2 40.
Rd6 Bf7 41. f4 Kc5 42. fxe5 fxe5 43. Rd8 a4 44. Rb8 b3 45. axb3 axb3 46. Bc3
Nd1+ 47. Kf3 Nxc3 48. Nxb3+ Bxb3 49. Rb7 Nxe4 50. Rxg7 Nf6 51. Rg4 Bd1+ 52. Kg2
Bxg4 0-1

[Event "III Weekend Accademia"]
[Site "Roma ITA"]
[Date "1998.??.??"]
[Round "3"]
[White "Trebeschi, Andrea"]
[Black "Gardon, Ermanno"]
[Result "0-1"]
[WhiteElo "1759"]
[BlackElo "1818"]
[PlyCount "74"]
[EventDate "1998.??.??"]

1. e4 e6 2. d4 c5 3. c3 d5 4. e5 Qb6 5. Nf3 Bd7 6. a3 a5 7. Bd3 Bb5 8. Bxb5+
Qxb5 9. Qe2 Qa6 10. Be3 cxd4 11. cxd4 Nc6 12. Nc3 Qxe2+ 13. Kxe2 h6 14. Rhc1
Kd7 15. Na4 Kc7 16. Nd2 Nge7 17. b4 b5 18. Nc5 Nf5 19. Ndb3 Bxc5 20. Rxc5 axb4
21. axb4 Rxa1 22. Nxa1 Kb6 23. Nc2 Ra8 24. g4 Nxe3 25. fxe3 Ra4 26. h4 Nxb4 27.
Nxb4 Rxb4 28. Rc8 Rc4 29. Rg8 g6 30. Rh8 b4 31. Rxh6 b3 32. h5 b2 33. hxg6 fxg6
34. Rxg6 Rc6 35. g5 b1=Q 36. Rf6 Rc2+ 37. Kf3 Qd1+ 0-1

[Event "III Weekend Accademia"]
[Site "Roma ITA"]
[Date "1998.??.??"]
[Round "3"]
[White "Verrascina, Nicola"]
[Black "Corvi, Marco"]
[Result "1/2-1/2"]
[WhiteElo "2145"]
[BlackElo "2320"]
[PlyCount "23"]
[EventDate "1998.??.??"]

1. d4 f5 2. Bg5 h6 3. Bh4 g5 4. Bg3 Nf6 5. e3 d6 6. c4 e6 7. Nc3 Qe7 8. Qb3 Nc6
9. d5 Nd8 10. dxe6 Nxe6 11. Qb5+ Bd7 12. Qxf5 1/2-1/2

[Event "III Weekend Accademia"]
[Site "Roma ITA"]
[Date "1998.??.??"]
[Round "4"]
[White "Ciampi, Vincenzo"]
[Black "Ferri, Stefano"]
[Result "0-1"]
[WhiteElo "2155"]
[BlackElo "1933"]
[PlyCount "91"]
[EventDate "1998.??.??"]

1. e4 c5 2. Nf3 Nf6 3. e5 Nd5 4. c3 Nc6 5. d4 cxd4 6. Bc4 Nb6 7. Bb3 d5 8. cxd4
Bf5 9. Nc3 h6 10. O-O e6 11. Be3 Be7 12. Re1 O-O 13. Na4 Nxa4 14. Bxa4 Na5 15.
a3 Qb6 16. b4 Nc4 17. Qb3 a5 18. Nd2 Nxe3 19. fxe3 axb4 20. Red1 Ra7 21. Bd7
Qc7 22. Ba4 Qa5 23. axb4 Qxb4 24. Qxb4 Bxb4 25. Nb3 Bc3 26. Rac1 Bb2 27. Bb5
Bxc1 28. Rxc1 Ra3 29. Nc5 b6 30. Nd7 Rfa8 31. Nxb6 Rb8 32. Rc8+ Rxc8 33. Nxc8
Rxe3 34. Nd6 f6 35. Kf2 Rb3 36. h3 Kf8 37. g4 Bg6 38. h4 Be4 39. Bc6 Rb4 40.
Ke3 fxe5 41. dxe5 Bh1 42. Bd7 Ke7 43. Bb5 Rxg4 44. h5 Rg5 45. Kf4 Rxh5 46. Ne8
0-1

[Event "III Weekend Accademia"]
[Site "Roma ITA"]
[Date "1998.??.??"]
[Round "4"]
[White "Corvi, Marco"]
[Black "Pezzaldi, Roberto"]
[Result "1/2-1/2"]
[WhiteElo "2320"]
[BlackElo "2095"]
[PlyCount "68"]
[EventDate "1998.??.??"]

1. e4 e6 2. d3 d5 3. Nd2 c5 4. Ngf3 Nc6 5. g3 Bd6 6. Bg2 Nge7 7. O-O Qc7 8. Re1
Bd7 9. Qe2 f6 10. exd5 exd5 11. c4 Nb4 12. cxd5 Nbxd5 13. Nc4 O-O 14. Nfd2 b5
15. Nxd6 Qxd6 16. Ne4 Qb6 17. Nc3 Nxc3 18. bxc3 Rae8 19. Be3 Bc6 20. Qb2 Bxg2
21. Kxg2 Qc6+ 22. f3 a6 23. Qf2 Rc8 24. Bxc5 Qxc5 25. Qxc5 Rxc5 26. Rxe7 Rxc3
27. Ra7 Re8 28. f4 Rc6 29. Rd1 f5 30. Rd2 Kf8 31. d4 Re7 32. Ra8+ Re8 33. Ra7
Re7 34. Ra8+ Re8 1/2-1/2

[Event "III Weekend Accademia"]
[Site "Roma ITA"]
[Date "1998.??.??"]
[Round "4"]
[White "De Blasio, Alessandro"]
[Black "Turturici, Pellegrino"]
[Result "1-0"]
[WhiteElo "1714"]
[BlackElo "1743"]
[PlyCount "83"]
[EventDate "1998.??.??"]

1. e4 c5 2. Nf3 d6 3. d4 cxd4 4. Nxd4 Nf6 5. Nc3 a6 6. Bg5 Qa5 7. Bxf6 gxf6 8.
Qd2 Nc6 9. Nd5 Qxd2+ 10. Kxd2 Bh6+ 11. Kd1 Kd8 12. Nb6 Rb8 13. Nxc6+ bxc6 14.
Nxc8 Kxc8 15. Bxa6+ Kc7 16. b3 Rb6 17. Be2 Rg8 18. g3 Rg5 19. a3 Re5 20. Bd3 e6
21. b4 Rg5 22. c4 Bf8 23. f4 Rg8 24. b5 Bg7 25. a4 f5 26. e5 dxe5 27. a5 Rbb8
28. b6+ Kb7 29. fxe5 Bxe5 30. Ra2 Bd4 31. Ke2 Ra8 32. Rc1 Bc5 33. Bc2 Rgd8 34.
Rb1 h6 35. Ba4 Ra6 36. Rbb2 Rd4 37. Bxc6+ Kxc6 38. b7 Ba7 39. b8=Q Bxb8 40.
Rxb8 Rxc4 41. Rc8+ Kd5 42. Rd2+ 1-0

[Event "III Weekend Accademia"]
[Site "Roma ITA"]
[Date "1998.??.??"]
[Round "4"]
[White "De Vita, Gianni"]
[Black "Pagano, Sergio M."]
[Result "0-1"]
[WhiteElo "2160"]
[BlackElo "2200"]
[PlyCount "38"]
[EventDate "1998.??.??"]

1. e4 g6 2. d4 Bg7 3. Nc3 d6 4. Be3 c6 5. Qd2 b5 6. h4 h5 7. Bd3 Nd7 8. Nge2
Nb6 9. f4 Nf6 10. Nd1 Ng4 11. Bg1 e5 12. dxe5 dxe5 13. Qb4 exf4 14. Nxf4 Be5
15. g3 Qf6 16. Qc5 Na4 17. Qb4 Nxb2 18. Rb1 a5 19. Qd2 O-O 0-1

[Event "III Weekend Accademia"]
[Site "Roma ITA"]
[Date "1998.??.??"]
[Round "4"]
[White "Gardon, Ermanno"]
[Black "Campagna, Maurizio"]
[Result "1-0"]
[WhiteElo "1818"]
[BlackElo "1723"]
[PlyCount "53"]
[EventDate "1998.??.??"]

1. e4 e6 2. d4 d5 3. Nc3 Bb4 4. exd5 exd5 5. Bd3 Qe7+ 6. Nge2 Be6 7. O-O Nc6 8.
Nf4 O-O-O 9. a3 Bd6 10. Nxe6 Qxe6 11. Nb5 Be7 12. Bf4 Rd7 13. Re1 Qf6 14. Qg4
h5 15. Qg3 g5 16. Nxa7+ Nxa7 17. Be5 Qh6 18. Bxh8 Rd8 19. Bf5+ Kb8 20. Be5 Bd6
21. Bxd6 cxd6 22. Qb3 Qf6 23. Bd3 Qxd4 24. Ba6 b6 25. Rad1 Qc5 26. Rxd5 Qc6 27.
Re3 1-0

[Event "III Weekend Accademia"]
[Site "Roma ITA"]
[Date "1998.??.??"]
[Round "4"]
[White "Giorni, Moreno"]
[Black "Mogranzini, Roberto"]
[Result "1/2-1/2"]
[WhiteElo "1900"]
[BlackElo "1870"]
[PlyCount "55"]
[EventDate "1998.??.??"]

1. e4 c5 2. Nc3 Nc6 3. g3 g6 4. Bg2 Bg7 5. d3 e6 6. Be3 b6 7. f4 Nge7 8. Nf3
Bb7 9. O-O d5 10. Bf2 O-O 11. e5 a6 12. d4 cxd4 13. Nxd4 Nxd4 14. Qxd4 b5 15.
a4 Nc6 16. Qb6 Qxb6 17. Bxb6 b4 18. Ne2 a5 19. Rac1 Rfc8 20. c3 Ba6 21. Rfe1
Rab8 22. Be3 Bf8 23. Nd4 bxc3 24. bxc3 Nxd4 25. cxd4 Bb4 26. Rxc8+ Rxc8 27. Rc1
Rb8 28. Rc6 1/2-1/2

[Event "III Weekend Accademia"]
[Site "Roma ITA"]
[Date "1998.??.??"]
[Round "4"]
[White "Guarnieri, Giuseppe"]
[Black "Piacentini, Carlo"]
[Result "1-0"]
[WhiteElo "1879"]
[BlackElo "1650"]
[PlyCount "59"]
[EventDate "1998.??.??"]

1. e4 e5 2. Nf3 Nc6 3. Bc4 Nf6 4. d3 Be7 5. O-O d6 6. h3 Na5 7. Bb3 Nxb3 8.
axb3 O-O 9. Be3 h6 10. c4 Nh7 11. Nc3 Ng5 12. Nxg5 Bxg5 13. Qh5 Bxe3 14. fxe3
c6 15. d4 Qb6 16. Ne2 Qxb3 17. Rf3 Qxb2 18. Re1 a5 19. d5 cxd5 20. cxd5 Bd7 21.
Ng3 Qd2 22. Re2 Qd1+ 23. Kh2 a4 24. Ref2 a3 25. Rf1 Qxf1 26. Rxf1 b5 27. Rf6
Kh7 28. Rxf7 Rxf7 29. Qxf7 a2 30. Nh5 1-0

[Event "III Weekend Accademia"]
[Site "Roma ITA"]
[Date "1998.??.??"]
[Round "4"]
[White "Iatrino, Vincenzo"]
[Black "Russi, Roberto"]
[Result "1-0"]
[WhiteElo "1740"]
[BlackElo "1780"]
[PlyCount "69"]
[EventDate "1998.??.??"]

1. e4 b6 2. d4 Bb7 3. Nc3 e6 4. Nf3 Bb4 5. Bd3 Nf6 6. Qe2 d5 7. exd5 Nxd5 8.
Bd2 Nxc3 9. bxc3 Be7 10. O-O Nd7 11. c4 O-O 12. Rfe1 Re8 13. c3 c5 14. Bf4 Rc8
15. Rad1 cxd4 16. cxd4 Nf6 17. Ne5 Bb4 18. Bd2 Be7 19. Bc3 Qc7 20. Ba1 Bb4 21.
Rf1 Red8 22. f4 g6 23. Qf2 Nd7 24. h4 Nxe5 25. fxe5 Bf8 26. h5 Qe7 27. hxg6
hxg6 28. Qg3 Bg7 29. Rf4 Bh6 30. Rg4 Kf8 31. Qh3 Bg7 32. Qh7 g5 33. Rf1 f5 34.
exf6 Bxf6 35. Qh6+ 1-0

[Event "III Weekend Accademia"]
[Site "Roma ITA"]
[Date "1998.??.??"]
[Round "4"]
[White "Lantini, Marco"]
[Black "Naumkin, Igor"]
[Result "0-1"]
[WhiteElo "2180"]
[BlackElo "2435"]
[PlyCount "86"]
[EventDate "1998.??.??"]

1. e4 e6 2. d4 d5 3. Nd2 c5 4. exd5 Qxd5 5. Ngf3 cxd4 6. Bc4 Qd6 7. O-O Nf6 8.
Nb3 Nc6 9. Nbxd4 Nxd4 10. Qxd4 Qxd4 11. Nxd4 Bd7 12. Bf4 Rc8 13. Bb3 Bc5 14.
Rad1 O-O 15. Rfe1 Rfd8 16. h3 Be8 17. c3 Bxd4 18. cxd4 h6 19. Be3 a6 20. Rc1
Bc6 21. Re2 Bd5 22. Rc3 Bxb3 23. Rxb3 Rd7 24. Kf1 Nd5 25. Ke1 Rc6 26. Rd2 f5
27. Rdd3 Kf7 28. Bd2 g5 29. h4 Kg6 30. hxg5 hxg5 31. Rh3 Nf6 32. Rh8 Rc4 33.
Bc3 e5 34. Rb6 exd4 35. Bd2 Kg7 36. Rb8 Re7+ 37. Kd1 Ne4 38. Bb4 Nxf2+ 39. Kd2
Rec7 40. Bf8+ Kf7 41. Ba3 Rc2+ 42. Ke1 d3 43. Rd8 Re2+ 0-1

[Event "III Weekend Accademia"]
[Site "Roma ITA"]
[Date "1998.??.??"]
[Round "4"]
[White "Marta, Daniele"]
[Black "Occhipinti, Massimo"]
[Result "1-0"]
[WhiteElo "1888"]
[BlackElo "1704"]
[PlyCount "95"]
[EventDate "1998.??.??"]

1. d4 Nf6 2. Nf3 c5 3. c4 cxd4 4. Nxd4 e5 5. Nb5 d6 6. N5c3 Be7 7. e4 O-O 8.
Be2 Be6 9. Be3 Nbd7 10. O-O a6 11. Nd2 Rc8 12. Nd5 Bxd5 13. cxd5 Nc5 14. f3 Nh5
15. b4 Nd7 16. Nb3 Bg5 17. Bf2 Nf4 18. Na5 Rc7 19. Re1 h5 20. Bf1 Qf6 21. Qa4
Rfc8 22. Nxb7 Qg6 23. Kh1 Nf8 24. Qxa6 Rxb7 25. Qxb7 Rc2 26. Qa7 h4 27. h3 Qh5
28. Rac1 Rxc1 29. Rxc1 Nxh3 30. Rc8 Bf4 31. Rxf8+ Kxf8 32. Qb8+ Ke7 33. Qc7+
Kf6 34. Qxd6+ Kg5 35. Qd8+ Kg6 36. Qb6+ f6 37. gxh3 Qxf3+ 38. Bg2 Qd1+ 39. Bg1
Bd2 40. Qf2 Bxb4 41. Qf5+ Kf7 42. Bf3 Qe1 43. Bh5+ Kg8 44. Bg6 Bf8 45. Qh5 Bc5
46. Qh7+ Kf8 47. Qh8+ Ke7 48. Qe8+ 1-0

[Event "III Weekend Accademia"]
[Site "Roma ITA"]
[Date "1998.??.??"]
[Round "4"]
[White "Palamides, Carmine"]
[Black "Cattarinich, Benedetto"]
[Result "0-1"]
[WhiteElo "1800"]
[BlackElo "1702"]
[PlyCount "88"]
[EventDate "1998.??.??"]

1. e4 c5 2. Nf3 e6 3. d4 cxd4 4. Nxd4 Nf6 5. Nc3 Nc6 6. Be3 Bb4 7. Bd3 d5 8.
Nxc6 bxc6 9. exd5 exd5 10. a3 Ba5 11. Bd4 O-O 12. O-O Bb6 13. Bxb6 axb6 14. Ne2
c5 15. Ng3 Qd6 16. Re1 Bg4 17. f3 Bd7 18. c3 Rfe8 19. Qd2 Rad8 20. Bf5 h6 21.
Rad1 Ba4 22. Bc2 Bxc2 23. Qxc2 Rxe1+ 24. Rxe1 d4 25. Nf5 Qf4 26. cxd4 cxd4 27.
Qd3 g6 28. Ne7+ Kf8 29. Nc6 Re8 30. Rxe8+ Kxe8 31. g3 Qc1+ 32. Kg2 Qxc6 33.
Qxd4 Ke7 34. g4 Qd6 35. Qe3+ Qe6 36. Qd2 g5 37. Qb4+ Qd6 38. Qe1+ Kd7 39. h4
Nd5 40. hxg5 Nf4+ 41. Kh1 hxg5 42. Qb1 Qd3 43. Qxd3+ Nxd3 44. b3 Ne1 0-1

[Event "III Weekend Accademia"]
[Site "Roma ITA"]
[Date "1998.??.??"]
[Round "4"]
[White "Passerotti, Pierluigi"]
[Black "Chiaretti, Roberto"]
[Result "1/2-1/2"]
[WhiteElo "2305"]
[BlackElo "2180"]
[PlyCount "128"]
[EventDate "1998.??.??"]

1. d4 e6 2. Nf3 d5 3. e3 Nf6 4. Bd3 c5 5. b3 Nc6 6. O-O Bd6 7. Bb2 O-O 8. Nbd2
Qe7 9. c4 cxd4 10. exd4 b6 11. Ne5 Bb7 12. a3 Rac8 13. f4 Rfd8 14. Qe2 Ba8 15.
Rae1 dxc4 16. Nxc6 Bxc6 17. bxc4 Qb7 18. d5 Bxd5 19. Bxf6 gxf6 20. cxd5 Qxd5
21. Rf3 Bxf4 22. Ne4 Be5 23. Ba6 Rc7 24. Nxf6+ Bxf6 25. Rxf6 Qd4+ 26. Qf2 Rc2
27. Qxd4 Rxd4 28. Rf3 Rg4 29. Bf1 Rd4 30. Re5 Rh4 31. h3 Ra2 32. Rc3 Ra1 33.
Ree3 Rf4 34. Rf3 Rxf3 35. Rxf3 Rc1 36. Kf2 Kg7 37. Ke3 Rc5 38. a4 f5 39. Bd3 h5
40. Rf4 Kf6 41. g3 Rc3 42. Kd2 Ra3 43. Rd4 e5 44. Rd6+ Ke7 45. Rg6 e4 46. Bb5
h4 47. gxh4 Rxh3 48. Rh6 f4 49. Bc6 e3+ 50. Kd3 Rh2 51. h5 Rd2+ 52. Kc3 Ra2 53.
Bd5 Rh2 54. Re6+ Kd7 55. h6 e2 56. Kd2 f3 57. Re3 Rxh6 58. Bxf3 a6 59. Bxe2 b5
60. a5 Rh4 61. Bd1 Kd6 62. Kc3 Rc4+ 63. Kb3 Ra4 64. Rd3+ Kc5 1/2-1/2

[Event "III Weekend Accademia"]
[Site "Roma ITA"]
[Date "1998.??.??"]
[Round "4"]
[White "Scacco, Mauro"]
[Black "Marzano, Carlo"]
[Result "0-1"]
[WhiteElo "2050"]
[BlackElo "2185"]
[PlyCount "70"]
[EventDate "1998.??.??"]

1. e4 g6 2. d4 c6 3. c4 d5 4. exd5 cxd5 5. cxd5 Nf6 6. Bb5+ Nbd7 7. Nc3 Bg7 8.
Nge2 O-O 9. Bg5 a6 10. Bc4 b5 11. Bb3 Nb6 12. O-O Bb7 13. Nf4 h6 14. Bxf6 Bxf6
15. Re1 Re8 16. Qd3 Kg7 17. Re6 b4 18. Rxb6 Qxb6 19. Nce2 Qd6 20. Re1 a5 21. g3
Bc8 22. Ne6+ Kh7 23. N2f4 Rg8 24. h4 Bxe6 25. Rxe6 fxe6 26. h5 exd5 27. Bxd5
Rad8 28. Bf7 Bxd4 29. hxg6+ Kh8 30. Qe4 Bxb2 31. Ne6 Qd1+ 32. Kh2 Qh5+ 33. Kg2
Qd5 34. Qxd5 Rxd5 35. Bxg8 Kxg8 0-1

[Event "III Weekend Accademia"]
[Site "Roma ITA"]
[Date "1998.??.??"]
[Round "4"]
[White "Scagliarini, Bruno"]
[Black "Spaziani, Gianni"]
[Result "1-0"]
[WhiteElo "1758"]
[BlackElo "1689"]
[PlyCount "30"]
[EventDate "1998.??.??"]

1. c4 e6 2. g3 d5 3. Bg2 c6 4. b3 Nf6 5. Bb2 Bd6 6. Nf3 O-O 7. O-O Re8 8. d4
Nbd7 9. Ne5 Qc7 10. f4 b6 11. Nc3 Bb7 12. Nb5 Qb8 13. Nxd6 Qxd6 14. Nxd7 Nxd7
15. cxd5 cxd5 1-0

[Event "III Weekend Accademia"]
[Site "Roma ITA"]
[Date "1998.??.??"]
[Round "4"]
[White "Sibilio, Mario"]
[Black "Satta, Vladimiro"]
[Result "1/2-1/2"]
[WhiteElo "2330"]
[BlackElo "2230"]
[PlyCount "54"]
[EventDate "1998.??.??"]

1. Nf3 d6 2. d4 Bg4 3. e4 e6 4. c4 Nc6 5. d5 Ne5 6. Qb3 Bxf3 7. gxf3 Qc8 8. f4
Nd7 9. dxe6 fxe6 10. Nc3 Ngf6 11. Bh3 Nc5 12. Qc2 Qd7 13. Be3 Qf7 14. O-O-O c6
15. e5 dxe5 16. fxe5 Nfd7 17. f4 Qh5 18. Bg2 a5 19. Rhf1 g6 20. Bf3 Qh4 21. Qg2
Be7 22. Rd4 Qh6 23. Qg1 Qg7 24. Rfd1 O-O-O 25. Kb1 Qf7 26. Qg2 Kc7 27. Be4 Na6
1/2-1/2

[Event "III Weekend Accademia"]
[Site "Roma ITA"]
[Date "1998.??.??"]
[Round "4"]
[White "Simeone, Giulio"]
[Black "Quimi, Marco"]
[Result "0-1"]
[WhiteElo "1717"]
[BlackElo "2225"]
[PlyCount "111"]
[EventDate "1998.??.??"]

1. c4 c5 2. e3 b6 3. d4 Bb7 4. Nf3 Nf6 5. Nc3 g6 6. Bd3 Bg7 7. O-O O-O 8. d5 e6
9. e4 exd5 10. exd5 d6 11. Bf4 a6 12. Ng5 Nh5 13. Bd2 h6 14. Nge4 f5 15. Ng3
Nxg3 16. hxg3 Nd7 17. Qc2 Ne5 18. Ne2 Nxd3 19. Qxd3 g5 20. Bc3 Qd7 21. Bxg7
Qxg7 22. Nc3 Rae8 23. Rfe1 Re5 24. f4 gxf4 25. gxf4 Ree8 26. Kf1 b5 27. cxb5
Qd4 28. Qxd4 cxd4 29. Ne2 d3 30. Nd4 Bxd5 31. Rxe8 Rxe8 32. Nxf5 d2 33. Nxd6
Rd8 34. Rd1 Rxd6 35. Rxd2 Bc4+ 36. Ke1 Re6+ 37. Kf2 Bxb5 38. b3 Kf7 39. g3 Kf6
40. Kf3 h5 41. g4 hxg4+ 42. Kxg4 Be2+ 43. Kg3 Kf5 44. Rd4 Bb5 45. a4 Bc6 46.
Rd3 Rg6+ 47. Kf2 Kxf4 48. Ke2 Be4 49. Rc3 Rg2+ 50. Kd1 Rb2 51. Kc1 Rb1+ 52. Kd2
Ke5 53. Rc5+ Kd4 54. Rc4+ Kd5 55. Rb4 Rg1 56. Rb6 0-1

[Event "III Weekend Accademia"]
[Site "Roma ITA"]
[Date "1998.??.??"]
[Round "4"]
[White "Spano' Cuomo, Gaetano"]
[Black "Farina, Saverio"]
[Result "0-1"]
[WhiteElo "1866"]
[BlackElo "2200"]
[PlyCount "106"]
[EventDate "1998.??.??"]

1. d4 d5 2. Nf3 c5 3. c3 Nc6 4. g3 Nf6 5. Bg2 e6 6. Nbd2 Be7 7. O-O O-O 8. dxc5
Bxc5 9. Nb3 Bb6 10. Bf4 Qe7 11. Nbd4 Nxd4 12. cxd4 Bd7 13. Qd3 Rfc8 14. Rfc1 h6
15. Ne5 Be8 16. a3 Nd7 17. Rxc8 Rxc8 18. Nxd7 Qxd7 19. Rc1 Rxc1+ 20. Bxc1 Qa4
21. e3 Bb5 22. Qd2 Qb3 23. Bf3 Qc4 24. Qd1 Ba5 25. b4 Bc7 26. Bb2 Kf8 27. Qc1
Ke7 28. Qxc4 Bxc4 29. e4 Kd6 30. e5+ Kc6 31. Bd1 Kb5 32. f4 Ba2 33. Be2+ Ka4
34. Bd1+ Bb3 35. Bh5 g6 36. Be2 Bc2 37. Kf2 a6 38. Ke3 Kb3 39. Bc1 Kc3 40. b5
a5 41. b6 Bxb6 42. Bd2+ Kb3 43. Bb5 Kxa3 44. Be8 Kb3 45. Bxf7 Bf5 46. g4 Bxg4
47. Bxg6 a4 48. Kd3 Bd1 49. Bf7 Bc2+ 50. Ke3 Bf5 51. Bc1 a3 52. Bh5 a2 53. Bd1+
Bc2 0-1

[Event "III Weekend Accademia"]
[Site "Roma ITA"]
[Date "1998.??.??"]
[Round "4"]
[White "Teodorescu, Florin Cornel"]
[Black "Verrascina, Nicola"]
[Result "1-0"]
[WhiteElo "2235"]
[BlackElo "2145"]
[PlyCount "115"]
[EventDate "1998.??.??"]

1. e4 d5 2. exd5 Nf6 3. Nc3 Nxd5 4. Bc4 Nb6 5. Bb3 Nc6 6. Qh5 e6 7. Nf3 Qf6 8.
O-O Qg6 9. Qxg6 hxg6 10. d4 Bd7 11. d5 exd5 12. Nxd5 Nxd5 13. Bxd5 Bd6 14. Re1+
Kf8 15. Bd2 Rh5 16. c4 Re8 17. Rxe8+ Bxe8 18. h3 Nd8 19. Nd4 c6 20. Bf3 Rh4 21.
Bg4 Be7 22. Re1 c5 23. Nf3 Rh8 24. Ne5 Nc6 25. Bf3 Nxe5 26. Rxe5 b6 27. Re3 Bf6
28. Ra3 a5 29. Rb3 Bd8 30. Rd3 Bc7 31. Kf1 Rh4 32. Bd5 Rd4 33. Rxd4 cxd4 34.
Ke2 Be5 35. Kd3 Ke7 36. f4 Bf6 37. g4 Bh4 38. b3 Bf2 39. Bc1 Bd7 40. Ba3+ Ke8
41. Bd6 a4 42. Be5 axb3 43. axb3 b5 44. Bxd4 bxc4+ 45. Kxc4 Bb5+ 46. Kc5 Bxd4+
47. Kxd4 f6 48. g5 fxg5 49. fxg5 Bd7 50. h4 Kd8 51. Be4 Be8 52. Kc5 Kc7 53. b4
Kb8 54. Kd6 Kc8 55. Ke7 Bb5 56. Bxg6 Be2 57. Kf8 Kd8 58. Kxg7 1-0

[Event "III Weekend Accademia"]
[Site "Roma ITA"]
[Date "1998.??.??"]
[Round "4"]
[White "Terreni, Fabio"]
[Black "Pierangeli, Andrea"]
[Result "0-1"]
[WhiteElo "1708"]
[BlackElo "1810"]
[PlyCount "84"]
[EventDate "1998.??.??"]

1. e4 c5 2. Nf3 d6 3. d4 cxd4 4. Nxd4 Nf6 5. Nc3 a6 6. Be2 Nc6 7. Be3 e5 8. Nb3
Be7 9. a4 a5 10. O-O O-O 11. f3 Be6 12. Nb5 d5 13. exd5 Nxd5 14. Bc5 Bxc5+ 15.
Nxc5 Qb6 16. Qd2 Qxc5+ 17. Kh1 Rad8 18. Bd3 Ncb4 19. g3 Rd7 20. Rfe1 Nxd3 21.
cxd3 Nb4 22. d4 exd4 23. Rac1 Qd5 24. Re4 d3 25. Nc3 Qh5 26. g4 Qh4 27. Re5 Nc6
28. Rh5 Qf6 29. Rf1 Bxg4 30. Rg5 Bf5 31. Rfg1 Bg6 32. f4 h6 33. R5g3 Ne7 34. h3
Rfd8 35. Nd1 Nf5 36. R3g2 b6 37. Nf2 Qc6 38. Kh2 Nh4 39. Rg3 Nf3+ 40. Rxf3 Qxf3
41. f5 Qxf5 42. Ng4 Kh7 0-1

[Event "III Weekend Accademia"]
[Site "Roma ITA"]
[Date "1998.??.??"]
[Round "4"]
[White "Tosoni, Augusto"]
[Black "Coppini, Giorgio"]
[Result "0-1"]
[WhiteElo "1948"]
[BlackElo "2195"]
[PlyCount "54"]
[EventDate "1998.??.??"]

1. e4 d6 2. d4 Nf6 3. Nc3 g6 4. Bg5 Bg7 5. f3 c6 6. Qd2 Qa5 7. O-O-O Nbd7 8.
Kb1 b5 9. e5 dxe5 10. dxe5 Nxe5 11. Re1 Nc4 12. Bxc4 bxc4 13. Bh6 Bxh6 14. Qxh6
Nd5 15. Nge2 Be6 16. Nxd5 Bxd5 17. Nc3 e6 18. Qg5 Qd8 19. Qe5 O-O 20. h4 Qb8
21. Qf6 Qd8 22. Qd4 Qb6 23. Qf6 Rab8 24. Na4 Qd8 25. Qf4 Qa5 26. h5 Qxa4 27. h6
Rxb2+ 0-1

[Event "III Weekend Accademia"]
[Site "Roma ITA"]
[Date "1998.??.??"]
[Round "4"]
[White "Vannelli, Vittorio"]
[Black "Barletta, Antonio"]
[Result "1/2-1/2"]
[WhiteElo "1735"]
[BlackElo "1866"]
[PlyCount "55"]
[EventDate "1998.??.??"]

1. e4 c5 2. Nf3 d6 3. d4 cxd4 4. Qxd4 Nc6 5. Bb5 Bd7 6. Bxc6 Bxc6 7. c4 Nf6 8.
Nc3 g6 9. O-O Bg7 10. Qd3 O-O 11. Nd4 Rc8 12. Nxc6 Rxc6 13. Rd1 Ng4 14. Qe2
Bxc3 15. bxc3 Qc8 16. Rb1 Rxc4 17. Rxb7 Qxb7 18. Qxc4 Qb1 19. Qe2 Nf6 20. Bh6
Rb8 21. f3 Qb6+ 22. Be3 Qb7 23. Bd4 Nd7 24. Qf2 a6 25. Re1 f6 26. Qe2 Qb5 27.
f4 Qxe2 28. Rxe2 1/2-1/2

[Event "III Weekend Accademia"]
[Site "Roma ITA"]
[Date "1998.??.??"]
[Round "4"]
[White "Vigile, Matteo"]
[Black "Mastroddi, Emiliano"]
[Result "1/2-1/2"]
[WhiteElo "1774"]
[BlackElo "1780"]
[PlyCount "66"]
[EventDate "1998.??.??"]

1. e4 c5 2. c3 d5 3. exd5 Qxd5 4. d4 Nc6 5. Nf3 Bg4 6. Be2 Nf6 7. c4 Qd7 8. d5
Bxf3 9. Bxf3 Nd4 10. O-O g6 11. Be3 Nxf3+ 12. Qxf3 Rc8 13. Nc3 Bg7 14. Rad1 O-O
15. Rfe1 Rfe8 16. h3 a6 17. Qe2 e6 18. b3 exd5 19. Nxd5 Nxd5 20. Rxd5 Qe6 21.
Kf1 Bc3 22. Red1 Bd4 23. Rd3 Re7 24. Qf3 Rce8 25. Kg1 Bxe3 26. Rxe3 Qc8 27.
Rxe7 Rxe7 28. Qd1 Re8 29. Rd7 Re1+ 30. Qxe1 Qxd7 31. Qe5 Qc6 32. Qe7 Kg7 33. f4
b6 1/2-1/2

[Event "III Weekend Accademia"]
[Site "Roma ITA"]
[Date "1998.??.??"]
[Round "4"]
[White "Vignato, Giovanni"]
[Black "Monteleone, Antonio"]
[Result "1-0"]
[WhiteElo "2150"]
[BlackElo "2165"]
[PlyCount "140"]
[EventDate "1998.??.??"]

1. d4 d5 2. Bg5 h6 3. Bh4 c6 4. e3 Qb6 5. b3 Bf5 6. Bd3 Bxd3 7. Qxd3 e6 8. Nf3
Nd7 9. O-O Ngf6 10. c4 Be7 11. c5 Qd8 12. Nc3 O-O 13. b4 b6 14. Rfc1 a5 15. a3
axb4 16. axb4 b5 17. h3 Qc7 18. Nd2 e5 19. Bg3 Nh5 20. Bh2 Rxa1 21. Rxa1 f5 22.
dxe5 Nxe5 23. Qe2 Nf6 24. Nb3 Ne4 25. Nxe4 fxe4 26. Nd4 Bh4 27. Ne6 Rxf2 28.
Ra8+ Kh7 29. Qh5 Nf3+ 30. Qxf3 Qxh2+ 31. Kxh2 exf3 32. Nf8+ Kg8 33. Ng6+ Kf7
34. Nxh4 fxg2 35. Nxg2 Rb2 36. Ra7+ Kf6 37. Rc7 Rxb4 38. Rxc6+ Ke5 39. Kg3 Rc4
40. Rc8 b4 41. Kf3 b3 42. Nf4 d4 43. Nd3+ Ke6 44. Rc6+ Ke7 45. Rb6 Rc3 46. Ke4
dxe3 47. Kxe3 Kd7 48. Kd4 Rc2 49. Rxb3 g5 50. Rb7+ Kc8 51. Rh7 Rh2 52. Rxh6 g4
53. h4 g3 54. h5 g2 55. Rg6 Rh4+ 56. Ke3 Rh3+ 57. Ke4 Rxh5 58. Rxg2 Kc7 59. Rg6
Rh4+ 60. Kd5 Rh5+ 61. Ne5 Rh7 62. Rf6 Rh5 63. Rf7+ Kc8 64. c6 Rh6 65. Nc4 Rh5+
66. Kd6 Rh6+ 67. Kc5 Rh5+ 68. Kb6 Rh8 69. Nd6+ Kb8 70. Rb7+ Ka8 1-0

[Event "III Weekend Accademia"]
[Site "Roma ITA"]
[Date "1998.??.??"]
[Round "5"]
[White "Barletta, Antonio"]
[Black "Iatrino, Vincenzo"]
[Result "1/2-1/2"]
[WhiteElo "1866"]
[BlackElo "1740"]
[PlyCount "96"]
[EventDate "1998.??.??"]

1. e4 c5 2. Nf3 Nc6 3. c3 d5 4. exd5 Qxd5 5. d4 Bg4 6. Be2 e6 7. Na3 cxd4 8.
Nb5 Rc8 9. Nbxd4 Nxd4 10. Qxd4 Bxf3 11. Qa4+ Qd7 12. Qxd7+ Kxd7 13. Bxf3 b6 14.
Bf4 Nf6 15. O-O Be7 16. Rfd1+ Ke8 17. a4 h5 18. a5 b5 19. h3 Rc4 20. Be3 Rc7
21. a6 Bc5 22. Bf4 Rc8 23. Bb7 Rd8 24. b4 Bb6 25. Rxd8+ Kxd8 26. Rd1+ Ke8 27.
Bc6+ Ke7 28. Bd6+ Kd8 29. Bf8+ Kc7 30. Bxg7 Rg8 31. Bxf6 Kxc6 32. Kf1 Re8 33.
Be5 Bc7 34. Bxc7 Kxc7 35. c4 bxc4 36. Rd4 Rb8 37. Rxc4+ Kb6 38. Ke2 Kxa6 39.
Kd3 Kb6 40. Rh4 Rd8+ 41. Kc3 Rd5 42. Rf4 Rd7 43. Kc4 a6 44. Rf6 Rc7+ 45. Kb3
Rd7 46. Kc3 Rc7+ 47. Kb3 Rd7 48. f4 Kb5 1/2-1/2